| 000 | 00499nam a2200169Ia 4500 | ||
|---|---|---|---|
| 999 |
_c12024 _d12024 |
||
| 003 | OSt | ||
| 005 | 20201020111111.0 | ||
| 008 | 190216s9999||||xx |||||||||||||| ||und|| | ||
| 040 | _coclc | ||
| 082 |
_a891.733 _bDOS/N |
||
| 100 |
_aDostoyevsky, Fyodor _94641 |
||
| 245 | 0 |
_aNotes From A Dead House / _cFydor Dostoyevsky |
|
| 260 |
_bForeign Languages Pub, _c1978. _aMoscow: |
||
| 300 | _a336p | ||
| 650 | _aEnglish Stories | ||
| 942 |
_cBK _2ddc _h891.733 _iDOS/N _k891.733 _mDOS/N |
||